ՀՀ Գիտությունների ազգային ակադեմիայի հիմնարար գիտական գրադարան  =   Fundamental Scientific Library of NAS RA

Իլիական : (Record no. 7990)

MARC details
000 -LEADER
fixed length control field 01267nam a2200289 a 4500
001 - CONTROL NUMBER
control field 000021581
003 - CONTROL NUMBER IDENTIFIER
control field AM-YEHGA
005 - DATE AND TIME OF LATEST TRANSACTION
control field 20250618070826.0
008 - FIXED-LENGTH DATA ELEMENTS--GENERAL INFORMATION
fixed length control field 980923s1987 ai |||||||||||arm|d
040 ## - CATALOGING SOURCE
Original cataloging agency AM-YeHGA
041 1# - LANGUAGE CODE
Language code of text/sound track or separate title rus
-- arm
Language code of original grc
090 ## - LOCALLY ASSIGNED LC-TYPE CALL NUMBER (OCLC); LOCAL CALL NUMBER (RLIN)
-- 8050
100 0# - MAIN ENTRY--PERSONAL NAME
Personal name Հոմերոս
245 10 - TITLE STATEMENT
Title Իլիական :
Remainder of title [Վիպերգ] /
Statement of responsibility, etc. Հոմերոս ; Գրաբարից թարգմ.՝ Մ. Խերանյան ; Կազմ.՝ Ս.Խ. Մեսրոպյան; Խմբ.՝ Ս. Համբարձումյան ; Առաջաբ.՝ Ս. Ռադցիգ ; Նկ.՝ Լ.Ա. Սադոյան; ԵՊՀ.
260 ## - PUBLICATION, DISTRIBUTION, ETC.
Place of publication, distribution, etc. Երևան :
Name of publisher, distributor, etc. Երևանի համալս. հրատ.,
Date of publication, distribution, etc. 1987.
300 ## - PHYSICAL DESCRIPTION
Extent 500 էջ :
Other physical details նկ. ;
Dimensions 22 սմ.
440 #0 - SERIES STATEMENT/ADDED ENTRY--TITLE
Title Ուսանողի գրադարան
500 ## - GENERAL NOTE
General note Ծանոթագր., էջ՝ 466-478
500 ## - GENERAL NOTE
General note Բառարան, էջ՝ 479-498
650 14 - SUBJECT ADDED ENTRY--TOPICAL TERM
Topical term or geographic name entry element Հունական անտիկ գրականություն
General subdivision Վիպերգ
700 1# - ADDED ENTRY--PERSONAL NAME
Personal name Մեսրոպյան, Ս.Խ.
Relator term կազմ.
Relationship com
700 1# - ADDED ENTRY--PERSONAL NAME
Personal name Համբարձումյան, Ս.
Relator term խմբ.
Relationship edt
700 1# - ADDED ENTRY--PERSONAL NAME
Personal name Ռադցիգ, Ս.
Relator term առաջաբ.
Relationship aui
700 1# - ADDED ENTRY--PERSONAL NAME
Personal name Սադոյան, Լիպարիտ Արտեմի,
Dates associated with a name 1917-1992
Relator term նկ.
Relationship art
9 (RLIN) 3662
710 2# - ADDED ENTRY--CORPORATE NAME
Corporate name or jurisdiction name as entry element Երևանի պետական համալսարան
942 ## - ADDED ENTRY ELEMENTS (KOHA)
Koha item type Գրքեր / Books
Holdings
Withdrawn status Lost status Source of classification or shelving scheme Damaged status Not for loan Collection Home library Current library Date acquired Total checkouts Full call number Barcode Date last seen Copy number Price effective from Koha item type Public note
    Universal Decimal Classification     General Fundamental Scientific Library Fundamental Scientific Library 21/12/2016   AII/75255 FL0197269 21/12/2016 88 21/12/2016 Գրքեր / Books 30 Days Loan


ՀՀ ԳԱԱ հիմնարար գիտական գրադարան
ՀՀ,Երևան 0019
Մարշալ Բաղրամյան 24/6
հեռախոս:(374-10) 52-47-50
Հետադարձ կապ

All site content, except where otherwise noted, is licensed under a
Creative Commons License